Normal view
MARC view
Entry Topical Term
001 - CONTROL NUMBER
- control field: 17322
003 - CONTROL NUMBER IDENTIFIER
- control field: dpl
005 - DATE AND TIME OF LATEST TRANSACTION
- control field: 20100827151136.0
008 - FIXED-LENGTH DATA ELEMENTS
- fixed length control field: 100827|||a|||||| | ||| d
040 ## - CATALOGING SOURCE
- Original cataloging agency: dpl
- Transcribing agency: dpl
150 ## - HEADING--TOPICAL TERM
- Topical term or geographic name as entry element: Social psychology.
670 ## - SOURCE DATA FOUND
- Source citation: Work cat.: (dpl)36153: Myers,David G. 17321, Exploring social psychology /, 2010
670 ## - SOURCE DATA FOUND
- Source citation: Work cat.: (dpl)36153: Myers,David G. 17321, Exploring social psychology /, 2010
